| 000 | 00676nam a2200241 a 4500 | ||
|---|---|---|---|
| 999 |
_c10895 _d10895 |
||
| 001 | 10895 | ||
| 003 | BD-JhCC | ||
| 005 | 20190622080541.0 | ||
| 008 | 190527b2018 bd ||||| a||| 00| 0 eng d | ||
| 020 | _a9789849294948 | ||
| 035 | _a(BD-JhCC)10895 | ||
| 040 |
_aBD-JhCC _dBD-JhCC |
||
| 041 | _aben | ||
| 082 |
_bAHA 2018 _a158.1 |
||
| 100 | _aআহমদ, মোস্তাক | ||
| 245 |
_aজীবন মানেই কাজ / _cমোস্তাক আহমদ |
||
| 260 |
_aঢাকা: _bগ্রন্থ কুটির; _c2018. |
||
| 300 |
_a159 p. : _c22 cm. |
||
| 650 | _aSuccess | ||
| 650 | _awork no life | ||
| 942 |
_2ddc _cBK |
||